000 00199 a2200097 4500
001 1591
100 _aBrearley, H.
245 _aTalks about steabnaking
260 _a
_bA.S.M
_c
090 _c1129
_d1129
942 _aNUST-CAE
_cM
_c1436
999 _c236664
_d236664